Armed conflicts in South Asia 2013 : (Record no. 91960)

MARC details
000 -LEADER
fixed length control field 00664nam a22002057a 4500
005 - DATE AND TIME OF LATEST TRANSACTION
control field 20150427124340.0
010 ## - LCCN (DPL NO)
LC control number ENG-112302
020 ## - INTERNATIONAL STANDARD BOOK NUMBER
International Standard Book Number 9781138796065
Terms of availability 750.00
035 ## - SYSTEM CONTROL NUMBER
System control number EN-95834
037 ## - SOURCE OF ACQUISITION
Source of stock number/acquisition DBAD/PUB
082 ## - DEWEY DECIMAL CLASSIFICATION NUMBER
Classification number 355.020954
245 ## - TITLE STATEMENT
Title Armed conflicts in South Asia 2013 :
Remainder of title transitions /
Statement of responsibility, etc edited by D. Suba Chandran [and] P.R. Chari
260 ## - PUBLICATION, DISTRIBUTION, ETC. (IMPRINT)
Place of publication, distribution, etc New Delhi
Name of publisher, distributor, etc Routledge
Date of publication, distribution, etc 2014
270 ## - ADDRESS
Address 912,Tolstoy House, 15-17 Tolstoy Marg, Connaught Place
City New Delhi
Postal code 110001
300 ## - PHYSICAL DESCRIPTION
Extent xii,250p.
Dimensions 22cm(hb)
500 ## - GENERAL NOTE
General note Includes index
700 ## - ADDED ENTRY--PERSONAL NAME
Personal name Suba Chandran, D.
700 ## - ADDED ENTRY--PERSONAL NAME
Personal name Chari, P.R.
942 ## - ADDED ENTRY ELEMENTS (KOHA)
Source of classification or shelving scheme Dewey Decimal Classification
Item type English Books
Call number suffix ARM
Classification part 355.020954
Holdings
Withdrawn status Lost status Not for loan Collection code Home library Current library Date acquired Source of acquisition Cost, normal purchase price Full call number Barcode Copy number Cost, replacement price Koha item type
    Not For Loan Non-fiction D.B.Act.Division D.B.Act.Division 26/02/2015 DBAD/PUB 750.00 355.020954 ARM EN-95834 1 750.00 English Books

© Delhi Public Library
Hit Counter
free hit counter